LEADER 01129nam a2200277 i 4500 001 991001751929707536 008 060710s2006 it 000 0 ita d 020 $a8815109986 035 $ab13421736-39ule_inst 040 $aDip.to Studi Giuridici$bita 082 04$a 336.01 245 00$aPer lo sviluppo.$pUn federalismo fiscale responsabile e solidale /$ca cura di Alberto Zanardi 246 13$aFederalismo fiscale responsabile e solidale (Un) 260 $aBologna :$bIl mulino,$c2006 300 $a218 p. ;$c22 cm 490 $aStudi e ricerche ;$v548 650 04$aFederalismo$xAspetti fiscali 650 04$aFinanza locale$zItalia 700 1 $aZanardi, Alberto 907 $a.b13421736$b20-06-18$c10-07-06 912 $a991001751929707536 945 $aLE025 ECO 336 ZAN01.01$g1$i2025000252264$lle025$nCatalogato 2018$op$pE19.00$q-$rl$s- $t0$u9$v2$w9$x0$y.i15026012$z11-11-09 945 $aLE027 336.01 ZAN01.01$g1$i2027000122998$lle027$o-$pE19.00$q-$rl$s- $t0$u3$v0$w3$x0$y.i14264821$z10-07-06 996 $aPer lo sviluppo$959737 997 $aUNISALENTO 998 $a(2)le025$ale027$b10-07-06$cm$da $e-$fita$git $h0$i0 LEADER 01296nas 2200421- 450 001 9910164339403321 005 20240204213017.0 011 $a2423-5741 035 $a(OCoLC)981114655 035 $a(CKB)3710000001059834 035 $a(CONSER)--2019242839 035 $a(EXLCZ)993710000001059834 100 $a20170310a19uu9999 s-- - 101 0 $aper 135 $aur|n||||||||| 181 $ctxt$2rdacontent 182 $cc$2rdamedia 183 $acr$2rdacarrier 200 00$aRavish/h?-yi ?adad? dar muhandis? 210 1$aIsfahan, Iran :$cIsfahan University of Technology 215 $a1 online resource 300 $aRefereed/Peer-reviewed 311 $a2228-7698 517 1 $aJournal of computational methods in engineering 606 $aEngineering$vPeriodicals 606 $aEngineering$xComputer programs$vPeriodicals 606 $aEngineering$xComputer programs$2fast$3(OCoLC)fst00910325 606 $aEngineering$2fast$3(OCoLC)fst00910312 608 $aPeriodicals.$2fast 608 $aPeriodicals.$2lcgft 615 0$aEngineering 615 0$aEngineering$xComputer programs 615 7$aEngineering$xComputer programs. 615 7$aEngineering. 906 $aJOURNAL 912 $a9910164339403321 996 $aRavish$92573392 997 $aUNINA